Implementación de monitor wearable de signos vitales utilizando una plataforma arduino
Uloženo v:
| Hlavní autor: | |
|---|---|
| Další autoři: | |
| Médium: | Kniha |
| Jazyk: | Spanish |
| Vydáno: |
[San José ], Costa Rica
2016
|
| Témata: | |
| Tagy: |
Přidat tag
Žádné tagy, Buďte první, kdo vytvoří štítek k tomuto záznamu!
|
MARC
| LEADER | 00000nam a22000007a 4500 | ||
|---|---|---|---|
| 003 | 012641 | ||
| 005 | 20230920145935.0 | ||
| 008 | 170929b2016 cr a|||| m||| 00| ||spa d | ||
| 040 | |c cru CEDI | ||
| 090 | |a TFG 7792 | ||
| 100 | |9 1590 |a Obando Solano, Erick, 1993- | ||
| 245 | |a Implementación de monitor wearable de signos vitales utilizando una plataforma arduino | ||
| 260 | |a [San José ], Costa Rica |c 2016 | ||
| 300 | |a xiii, 87 hojas ; ilustraciones a color | ||
| 500 | |a Proyecto de graduación (bachillerato en ingeniería eléctrica)--Universidad de Costa Rica. Facultad de Ingeniería. Escuela de Ingeniería Eléctrica | ||
| 501 | |a Profesora Guía de IE-0499 Proyecto Eléctrico: M.Sc. Denise Dajles Kellerman | ||
| 650 | |x ARDUINO (CONTROLADOR PROGRAMABLE) |x CIRCUITOS ELECTRICOS - DISEÑO |x MICROPROCESADORES |x SIGNOS VITALES - MEDICIONES |x SIGNOS VITALES |x ARDUINO (CONTROLADOR PROGRAMABLE) |x DISPOSITIVOS ELECTROMECANICOS |x SIMULACION POR COMPUTADORA |9 9985 | ||
| 700 | |9 1591 |a Dajles Kellerman, Denise, 1982- |d Director de Proyecto Eléctrico | ||
| 942 | |c CEDI | ||
| 999 | |c 19044 |d 19044 | ||
